| 000 | 00922cam a22002771 4500 | ||
|---|---|---|---|
| 001 | 8954535 | ||
| 003 | ARRUPE | ||
| 005 | 20140924171230.0 | ||
| 008 | 720721s1967 enk b 000 0 eng | ||
| 010 | _a 67107956 | ||
| 015 | _aGB67-18901 | ||
| 035 | _a(OCoLC)361511 | ||
| 040 |
_aDLC _cONowdM _dOCoLC _dIeMnSPC _dUk _dDLC |
||
| 050 | 0 | 0 |
_aBS476 _b.B62 1967b |
| 082 | 0 |
_a221 _218 |
|
| 100 | 1 |
_aBright, John, _d1908 September 25- _911637 |
|
| 245 | 1 | 4 | _aThe authority of the Old Testament. |
| 260 |
_aLondon, _bS.C.M. Press, _c1967. |
||
| 300 |
_a272 p. _c23 cm. |
||
| 410 | 1 | 0 | _aLectures on the James A.Gray Fund of the Divinity Scholl of Duke University, Durham, N.C. |
| 504 | _aBibliography: p. 253-[262] | ||
| 630 | 0 | 0 |
_aBible. _pOld Testament _xHermeneutics. _93360 |
| 630 | 0 | 0 |
_aBible. _pOld Testament _xHermeneutical use. _911638 |
| 906 |
_a7 _bcbc _coclcrpl _du _encip _f19 _gy-gencatlg |
||
| 942 |
_2lcc _cMONOGRAPH |
||
| 999 |
_c120953 _d120953 |
||